| 000 | 00930cam a2200301 i 4500 | ||
|---|---|---|---|
| 001 | 200459990 | ||
| 003 | TR-AnTOB | ||
| 005 | 20240520164455.0 | ||
| 007 | ta | ||
| 008 | 231003s2023 tu 000 1 tur | ||
| 020 | _a9786052650875 | ||
| 040 |
_aGAZIU _beng _erda _cGAZIU _dTR-AnTOB |
||
| 041 | 1 |
_atur _hjpn |
|
| 050 | 1 | _aPL873.U73 | |
| 090 |
_aPL873.U73 _bC5519 2023 |
||
| 100 | 1 |
_aMurata, Sayaka, _d1979- _eauthor _9126341 |
|
| 240 | 1 | 0 |
_aÇikyu seicin. _lTurkish. |
| 245 | 1 | 0 |
_aDünyalılar / _cSayaka Murata ; Japonca aslından çeviren Alper Kaan Bilir. |
| 250 | _a1. baskı Şubat 2023 | ||
| 264 | 1 |
_aİstanbul : _bİthaki Yayıncılık, _c2023. |
|
| 300 |
_a212 pages ; _c21 cm |
||
| 490 | 0 |
_aİthaki Yayınları ; _v2342 |
|
| 500 | _aKasiyer'in yazarından. | ||
| 650 | 7 |
_aJapon romanı _2etuturkob _978735 |
|
| 700 | 1 |
_aBilir, Alper Kaan _etranslator _9140859 |
|
| 942 |
_2lcc _cBK |
||
| 999 |
_c200459990 _d78202 |
||